| 000 | 00860nam a2200253 4500 | ||
|---|---|---|---|
| 003 | OSt | ||
| 005 | 20260530113847.0 | ||
| 008 | 260508b1992 xxu||||| |||| 00| 0 eng d | ||
| 020 | _a1578518377 | ||
| 040 |
_aICI _bspa _cICI |
||
| 041 | _aeng | ||
| 050 |
_aHD45$b. _b.C44 2003 |
||
| 100 | 1 |
_aChesbrough, Henry _dautor _930802 |
|
| 245 | 1 | 0 |
_aOpen Innovation _bThe New Imperative for Creating and Profiting from Thechnology |
| 264 | 1 |
_aBoston, Massachusetts _bHarvard Business School Press _c1992 |
|
| 300 | _a227 páginas | ||
| 336 |
_atexto _2rdacontent |
||
| 337 |
_asin medio _2rdamedia |
||
| 338 |
_avolumen _2rdacarrier |
||
| 500 | _aObra sobre modelos de innovación abierta y desarrollo tecnológico empresarial. | ||
| 650 |
_aInnovaciones tecnológicas _xAdministración. _930803 |
||
| 650 |
_aDesarrollo tecnológico. _930804 |
||
| 942 |
_2lcc _cBK _n1 |
||
| 999 |
_c11319 _d11319 |
||